[Event "XX TCh-MKD"]
[Site "Struga MKD"]
[Date "2011.08.12"]
[Round "5"]
[White "Gjorgjiev,Go"]
[Black "Sadiki,N"]
[Result "0-1"]
[WhiteElo "2145"]
[BlackElo "2178"]

1.e4 d5 2.exd5 Qxd5 3.Nc3 Qd8 4.d4 Nf6 5.Nf3 e6 6.Bc4 Be7 7.O-O O-O 8.Qe2 c6
9.Rd1 b6 10.Ne5 Nd5 11.Qf3 Bb7 12.Ne2 Nd7 13.Bb3 Bf6 14.c4 Ne7 15.Bc2 Qc7
16.Ng4 c5 17.Qd3 Ng6 18.dxc5 Nxc5 19.Nxf6+ gxf6 20.Qg3 e5 21.h4 Kh8 22.h5 Ne7
23.Qh3 Qc6 24.f3 Rg8 25.Ng3 Rxg3 26.Qxg3 Rg8 27.Qf2 Qxf3 28.Qxf3 Bxf3 29.Rd2 Bxh5
30.Rf2 Bg6 31.b4 Ne4 32.Bxe4 Bxe4 33.Bb2 Nc6 34.Re1 Rg4 35.Bc3 Kg7 36.Rd1 Bg6
37.c5 Rc4 38.Rd6 Nxb4 39.cxb6 axb6 40.Bd2 b5 41.a3 Nc2 42.Ra6 e4 43.Rfxf6 e3
44.Ba5 Nd4 45.Rfd6 Ne2+ 46.Kf1 Ng3+ 47.Ke1 Rh4 48.Bc3+ Kh6 49.Kd1 e2+ 50.Ke1 Rh1+
51.Kf2 Ne4+ 52.Kxe2 Nxc3+ 53.Kf3 f5 54.Rdc6 Rf1+ 55.Ke3 f4+ 56.Kd4 Ne2+ 57.Kc5 Kg5
58.Rd6 Rf2 59.Kxb5 Rxg2 60.Rf6 Bd3+ 61.Kb4 Bxa6 62.Rxa6 f3 63.Ra8 Rg4+ 64.Kc5 f2
65.Rf8 Nf4  0-1

[Event "50th World Juniors"]
[Site "Chennai IND"]
[Date "2011.08.14"]
[Round "12.56"]
[White "Arun,J"]
[Black "Jefic,S"]
[Result "1/2-1/2"]
[WhiteElo "2018"]
[BlackElo "2143"]

1.e4 d5 2.exd5 Qxd5 3.Nc3 Qd6 4.d4 Nf6 5.Nf3 c6 6.h3 Bf5 7.Bc4 e6 8.O-O Nbd7
9.a4 Rd8 10.Qe2 Be7 11.Rd1 O-O 12.Nh4 Bg6 13.Nxg6 hxg6 14.Bb3 Nb6 15.a5 Nc8
16.Ne4 Nxe4 17.Qxe4 Qd7 18.Bf4 Nd6 19.Bxd6 Bxd6 20.c4 Rfe8 21.c5 Be7 22.a6 b5
23.cxb6 axb6 24.Rdc1 Rc8 25.a7 Bf6 26.Ba4 Qxa7 27.Bxc6 Qb8 28.Bxe8 Rxe8 29.Ra4 b5
30.Ra5 Qd8 31.Rca1 Qd6 32.Rxb5 Bxd4 33.Ra8 Rxa8 34.Qxa8+ Kh7 35.Rb8 g5 36.Rd8 Qf4
37.Rh8+ Kg6 38.Kh1 Qxf2 39.Qe4+ Kf6 40.Qf3+ Qxf3 41.gxf3 Bxb2 42.h4 gxh4
43.Rxh4 Kf5 44.Kg2 g5 45.Ra4 f6 46.Rb4 Be5 47.Kh3 Bf4 48.Rb5+ e5 49.Rb6 Be3
50.Ra6 Bd4 51.Kg3 Bc3 52.Rc6 Bd2 53.Ra6 Be1+ 54.Kg2 Bh4 55.Kh3 Bf2 56.Kg2 Bd4
57.Kg3 e4 58.fxe4+ Kxe4 59.Kg4 Kd5  1/2-1/2

[Event "Metalmex Open"]
[Site "Liberec CZE"]
[Date "2011.08.14"]
[Round "2.12"]
[White "Skopec,L"]
[Black "Pajersky,Michal"]
[Result "1-0"]
[WhiteElo "1958"]
[BlackElo "1700"]

1.e4 d5 2.exd5 Qxd5 3.Nc3 Qd8 4.d4 Nf6 5.Nf3 c6 6.h3 Bf5 7.Bc4 e6 8.Qe2 Be7
9.Be3 Nbd7 10.a4 Nb6 11.Bb3 Nbd5 12.Nxd5 exd5 13.O-O O-O 14.c4 h6 15.Bc2 Bxc2
16.Qxc2 dxc4 17.Qxc4 Nd5 18.Rfe1 Bf6 19.Rad1 Re8 20.Bd2 Qd6 21.Bc3 Rad8 22.Ne5 Nxc3
23.Qxf7+ Kh7 24.bxc3 Bxe5 25.dxe5 Qxd1 26.Qf5+ Kg8 27.Rxd1 Rxd1+ 28.Kh2 Rf8
29.Qe6+ Kh7 30.f3 Rd5 31.Kg3 Ra5 32.Qb3 b6 33.f4 Rd5 34.Qc4 Rc5 35.Qd4 Rd5
36.Qe4+ g6 37.c4 Rc5 38.Kf3 h5 39.g4 hxg4+ 40.hxg4 Re8 41.e6 Kg7 42.Qd4+ Kh7
43.Qd7+  1-0

[Event "50th World Juniors"]
[Site "Chennai IND"]
[Date "2011.08.15"]
[Round "13"]
[White "Prasannaa,S"]
[Black "Jefic,S"]
[Result "1/2-1/2"]
[WhiteElo "2032"]
[BlackElo "2143"]

1.e4 d5 2.exd5 Qxd5 3.Nc3 Qd6 4.d4 Nf6 5.Nf3 c6 6.Ne5 Nbd7 7.Nc4 Qc7 8.g3 Nb6
9.Bf4 Qd8 10.Nxb6 Qxb6 11.Qd2 Bf5 12.O-O-O e6 13.Bg2 Nd5 14.Ne4 O-O-O 15.Be3 Be7
16.Rhe1 Qa6 17.Kb1 Qa4 18.f3 Rd7 19.Bg1 Rhd8 20.Qc1 Nc7 21.c4 e5 22.b3 Qa5
23.dxe5 Qxe5 24.Rxd7 Rxd7 25.g4 Bxe4+ 26.Rxe4 Qf6 27.Be3 Ne6 28.g5 Qf5 29.h4 Qa5
30.Qc2 Qe1+ 31.Kb2 Qg3 32.Qe2 Qd6 33.Bh3 Qa3+ 34.Kb1 a5 35.Bc1 Qb4 36.Rxe6 fxe6
37.Qxe6 Qd6 38.Qxd6 Bxd6 39.Kc2 g6 40.f4 Kd8 41.Bxd7 Kxd7 42.Kd3 Ke6 43.Ke4 Be7
44.Be3 Bb4 45.Bf2 Bd2 46.a4 Bb4 47.h5 Bc3 48.hxg6 hxg6 49.Be3 Bb4 50.Bb6 Be1
51.Bd4 Bd2 52.Bb2 Bb4 53.Be5 Bd2 54.Bc7 Bc3 55.Bb8 Be1 56.Ba7 Bd2 57.Bd4 Be1
58.c5 Bd2 59.Be3 Bc3 60.Kd3 Bb4 61.Ke4 Be1  1/2-1/2

[Event "24th Panevezys Open"]
[Site "Panevezys LTU"]
[Date "2011.08.15"]
[Round "9.10"]
[White "Kuvsinov,A"]
[Black "Vanagaite,G"]
[Result "0-1"]
[WhiteElo "2007"]
[BlackElo "1942"]

1.e4 d5 2.exd5 Qxd5 3.Nc3 Qd6 4.Nf3 Nf6 5.d3 a6 6.Be2 Nc6 7.O-O Bg4 8.a3 e6
9.Bg5 Be7 10.h3 Bh5 11.Re1 O-O 12.Qd2 Bg6 13.Nh4 Nd4 14.Nxg6 Nxe2+ 15.Rxe2 hxg6
16.Qe3 Rfd8 17.Bxf6 Bxf6 18.Ne4 Qd4 19.Nxf6+ Qxf6 20.Qe5 Qxe5 21.Rxe5 Rd6
22.Rae1 Rad8 23.R1e4 Rb6 24.Rc5 Rxb2 25.Rxc7 g5 26.Rb4 Rxb4 27.axb4 b5 28.Rc6 Rd4
29.Rxa6 Rxb4 30.Kf1 Rb2 31.Ra8+ Kh7 32.Rc8 b4 33.c4 bxc3 34.Rxc3 Kg6 35.g3 Rb7
36.Kg2 e5 37.Kf3 f6 38.Ke3 Rb8 39.f4 exf4+ 40.gxf4 Rh8 41.fxg5 Kxg5 42.Rc1 Rxh3+
43.Ke4 f5+ 44.Kd4 Kg4 45.Kc4 f4 46.d4 g5 47.d5 Rh8 48.Kd4 f3 49.Rg1+ Kf4  0-1

[Event "26th Universiade Women"]
[Site "Shenzhen CHN"]
[Date "2011.08.15"]
[Round "1.5"]
[White "Heinatz,M"]
[Black "Huang Qian"]
[Result "0-1"]
[WhiteElo "1931"]
[BlackElo "2404"]

1.e4 d5 2.exd5 Qxd5 3.Nc3 Qd6 4.d4 c6 5.Nf3 Nf6 6.Bc4 Bg4 7.Be3 e6 8.h3 Bxf3
9.Qxf3 Nd5 10.O-O Be7 11.Ne4 Qc7 12.Ng5 O-O 13.Bd3 h6 14.Ne4 f5 15.Nc3 Nd7
16.Nxd5 cxd5 17.Rfe1 Nf6 18.Bf4 Bd6 19.Bxd6 Qxd6 20.Qe3 Rfe8 21.Re2 Rac8
22.Rae1 a6 23.Qd2 Ne4 24.Qa5 Kf7 25.Re3 Nf6 26.Qd2 b5 27.Re5 Nd7 28.R5e2 b4
29.Qe3 Nf6 30.Qd2 Kg8 31.Re3 Kf7 32.Re5 Nd7 33.R5e2 Nf6 34.Qe3 Qb6 35.Qf4 g5
36.Qc1 Qxd4 37.Bxa6 Rc7 38.Bd3 Ree7 39.Rd1 Qf4 40.Qxf4 gxf4 41.Rde1 Ne4 42.f3 Nd6
43.Kf2 Kf6 44.Re5 Ne4+ 45.fxe4 Kxe5 46.exf5+ Kf6 47.fxe6 Rxe6 48.Rxe6+ Kxe6
49.Kf3 Ke5 50.Ke2 Ra7 51.a3 Rxa3 52.Kd2 Ra2 53.b3 Kd4 54.Bf5 Ra1 55.Ke2 Kc3
56.Kf3 Rf1+ 57.Ke2 Rc1 58.Kf3 Rxc2  0-1

[Event "10th Lichtenberger Sommer"]
[Site "Berlin GER"]
[Date "2011.08.16"]
[Round "4.23"]
[White "Penner,M"]
[Black "Pueschel,W"]
[Result "1-0"]
[WhiteElo "1949"]
[BlackElo "2163"]

1.e4 d5 2.exd5 Qxd5 3.Nc3 Qd6 4.d4 Nf6 5.Nf3 a6 6.h3 Bf5 7.Be3 Nc6 8.Bd3 Bxd3
9.Qxd3 Nb4 10.Qd2 e6 11.a3 Nbd5 12.Nxd5 Nxd5 13.c4 Nxe3 14.Qxe3 Be7 15.O-O O-O
16.Rad1 c6 17.Rfe1 Bf6 18.Ng5 Bxg5 19.Qxg5 b5 20.d5 exd5 21.cxd5 c5 22.Re4 Rfe8
23.Rg4 g6 24.Qh6 f5 25.Rg3 Rad8 26.h4 Qf6 27.h5 Rd6 28.Re3 Rxe3 29.Qxe3 c4
30.h6 Kf8 31.Re1 Rd8 32.Qa7 Rxd5 33.Qxh7 Rd8 34.Qc7 Kg8 35.g3 Ra8 36.Re6 Qxb2
37.Rxg6+ Kh8 38.Qf7 f4 39.h7  1-0

[Event "XLV Mislata GM"]
[Site "Mislata ESP"]
[Date "2011.08.16"]
[Round "3"]
[White "Perez Manas,B"]
[Black "Morejon,E"]
[Result "1-0"]
[WhiteElo "2298"]
[BlackElo "2037"]

1.e4 d5 2.exd5 Qxd5 3.Nc3 Qd6 4.d4 Nf6 5.Nb5 Qd8 6.c4 c6 7.Nc3 Bg4 8.f3 Bh5
9.Nge2 e6 10.h4 h6 11.g4 Bg6 12.Be3 Bd6 13.Qd2 Qc7 14.O-O-O Na6 15.c5 Be7
16.Nf4 Bh7 17.g5 Nd7 18.g6 Bxg6 19.Nxg6 fxg6 20.Bxa6 bxa6 21.Qd3 O-O 22.Bxh6 Rf5
23.Be3 Nf8 24.Qe4 Rb8 25.Rdg1 Kf7 26.Qg4 Rb4 27.h5 Bxc5 28.hxg6+ Ke8 29.Rh8 Be7
30.Qe4 Qd6 31.Qd3 c5 32.Ne4 Qb8 33.Qc3 c4 34.Nc5 Rxc5 35.dxc5 Bf6 36.Qxf6 gxf6
37.g7  1-0

[Event "Stare Mesto FIDE Open"]
[Site "Stare Mesto CZE"]
[Date "2011.08.16"]
[Round "6"]
[White "Harvan,R"]
[Black "Hrdina,R"]
[Result "1-0"]
[WhiteElo "1926"]
[BlackElo "2089"]

1.e4 d5 2.exd5 Qxd5 3.Nc3 Qd6 4.d4 Nf6 5.Bc4 a6 6.Bb3 e6 7.Nge2 b5 8.Bf4 Qb6
9.a4 Bb7 10.O-O b4 11.a5 Qa7 12.Na4 Nbd7 13.c4 bxc3 14.Nexc3 Bd6 15.Qd2 O-O
16.Bc2 Rab8 17.Rfe1 Nd5 18.Qd3 N7f6 19.Nxd5 Bxd5 20.Be5 Rfd8 21.Bxf6 gxf6
22.Qxh7+ Kf8 23.Nc3 c6 24.Nxd5  1-0

[Event "ch-FRA Accession"]
[Site "Caen FRA"]
[Date "2011.08.18"]
[Round "3.6"]
[White "Olivier,JC"]
[Black "Alanic,X"]
[Result "0-1"]
[WhiteElo "2388"]
[BlackElo "2264"]

1.e4 d5 2.exd5 Qxd5 3.Nc3 Qd6 4.d4 a6 5.Nf3 Nf6 6.Be3 Bg4 7.Be2 Nc6 8.Qd2 e6
9.O-O-O O-O-O 10.Ng5 Qd7 11.f3 Bf5 12.a3 Nd5 13.Bf2 Bd6 14.Nxd5 exd5 15.g4 Bg6
16.Bg3 f6 17.Nh3 Rhe8 18.Bd3 Bxd3 19.Qxd3 g5 20.Nf2 Re7 21.Rde1 Rde8 22.Kd1 Na5
23.Rxe7 Rxe7 24.Bxd6 Qxd6 25.Qf5+ Kb8 26.Re1 Nc4 27.Nd3 Qxh2 28.Kc1 Qd2+
29.Kb1 Rxe1+ 30.Ka2 Qxc2  0-1

[Event "Malaysian Open"]
[Site "Kuala Lumpur MAS"]
[Date "2011.08.18"]
[Round "1.14"]
[White "Nolte,R"]
[Black "Ismail,Ah"]
[Result "1-0"]
[WhiteElo "2433"]
[BlackElo "1989"]

1.e4 d5 2.exd5 Qxd5 3.Nc3 Qd6 4.d4 a6 5.Nf3 Nf6 6.g3 Bg4 7.h3 Bxf3 8.Qxf3 Nc6
9.Be3 g6 10.O-O-O Bg7 11.Bf4 Qd7 12.d5 Nb8 13.Bg2 O-O 14.Rhe1 Ne8 15.Qe3 Bf6
16.Bh6 Nd6 17.Bxf8 Kxf8 18.Qd3 a5 19.Ne4 Nxe4 20.Qxe4 Qd6 21.c3 Nd7 22.Qc4 Ra6
23.f4 a4 24.Re5 Nc5 25.Rde1 a3 26.b3 Rb6 27.Kc2 Ra6 28.h4 Qb6 29.Qb4 Qd6
30.R1e2 h5 31.Re1 b6 32.Qb5 Ra7 33.Qc6 Qd8 34.Bh3 Kg7 35.b4 Na4 36.Qd7 Qxd7
37.Bxd7 Kf8 38.Kb3 Nb2 39.Bc6 Ra6 40.Rf1 Kg7 41.Rb1 Ra7 42.Rxb2 axb2 43.Kxb2 Kf8
44.Kb3 Ra6 45.a4 Ra7 46.Kc4 Kg7 47.Re2 Kf8 48.Re1 Ra6 49.Re3 Ra7 50.Kb5 e6
51.dxe6 fxe6 52.Rxe6 Kf7 53.Re3 Be7 54.Bd5+ Kf6 55.Re6+ Kf7 56.Rxb6+  1-0

[Event "26th Universiade Women"]
[Site "Shenzhen CHN"]
[Date "2011.08.18"]
[Round "5"]
[White "Seps,M"]
[Black "Konara,H"]
[Result "1-0"]
[WhiteElo "2195"]
[BlackElo "1825"]

1.e4 d5 2.exd5 Qxd5 3.Nc3 Qd8 4.d4 Nf6 5.Nf3 Bf5 6.Bc4 e6 7.O-O c6 8.Bf4 Bd6
9.Ne5 h6 10.Re1 O-O 11.Qd2 Bc7 12.Rad1 Nbd7 13.Bb3 Nb6 14.Bg3 Rc8 15.Bh4 Bd6
16.Qe2 Be7 17.Bxf6 Bxf6 18.Ne4 Qe7 19.Ng3 Bh7 20.c4 Rfd8 21.Bc2 Bxc2 22.Qxc2 Qc7
23.Nh5 Qe7 24.Ng3 Qc7 25.Nh5 Qe7 26.Nxf6+ Qxf6 27.Re3 Qe7 28.Qe2 Nd7 29.Red3 Nf6
30.a3 a6 31.Qf3  1-0

[Event "Malaysian Open"]
[Site "Kuala Lumpur MAS"]
[Date "2011.08.19"]
[Round "3.29"]
[White "Lim Yee Weng"]
[Black "Ismail,Ah"]
[Result "1-0"]
[WhiteElo "2253"]
[BlackElo "1989"]

1.e4 d5 2.exd5 Qxd5 3.Nc3 Qd6 4.d4 Nf6 5.Nf3 a6 6.g3 Nc6 7.Bg2 Bg4 8.O-O O-O-O
9.d5 Nb4 10.h3 Bh5 11.Bf4 e5 12.Bxe5 Bxf3 13.Bxd6 Bxd1 14.Bxf8 Rhxf8 15.Rfxd1 a5
16.a3 Na6 17.Bf1 Nc5 18.b4 Nce4 19.Nxe4 Nxe4 20.c4 f5 21.Bd3 Ng5 22.f4 Nf3+
23.Kf2 Nd4 24.Rab1 a4 25.Rb2 Rde8 26.Bb1 Nb3 27.Bc2 Kd7 28.c5 Rf7 29.d6 cxd6
30.Rxb3 axb3 31.Bxb3 Ree7 32.Bxf7 Rxf7 33.Rxd6+ Kc7 34.Rd5 g6 35.Re5 Rd7
36.Re3 Kc6 37.g4 fxg4 38.hxg4 Kb5 39.Kf3 h5 40.gxh5 gxh5 41.f5 Kc4 42.Kf4 Rd4+
43.Kg5 h4 44.f6 Kd5  1-0

[Event "XLV Mislata GM"]
[Site "Mislata ESP"]
[Date "2011.08.19"]
[Round "7"]
[White "Navarrete Espi,S"]
[Black "Morejon,E"]
[Result "1-0"]
[WhiteElo "2169"]
[BlackElo "2037"]

1.e4 d5 2.exd5 Qxd5 3.Nc3 Qd6 4.d4 Nf6 5.Nf3 a6 6.g3 b5 7.Bg2 Bb7 8.O-O e6
9.Bf4 Qb6 10.a4 Bd6 11.Be3 Nd5 12.Ne4 Nxe3 13.Nxd6+ Qxd6 14.fxe3 Nd7 15.Qe2 Rb8
16.axb5 axb5 17.Ng5 f6 18.Bxb7 Rxb7 19.Ne4 Qd5 20.Ra8+ Rb8 21.Rxb8+ Nxb8
22.Qg4 Rf8 23.Nc3 Qd7 24.Qh5+ g6 25.Qc5 c6 26.Ne4 Qe7 27.Qb6 Kf7 28.Rxf6+ Kg7
29.Rxf8 Qxf8 30.Qc7+ Kg8 31.Ng5  1-0

[Event "Stare Mesto FIDE Open"]
[Site "Stare Mesto CZE"]
[Date "2011.08.19"]
[Round "9"]
[White "Novotny,M1"]
[Black "Lechtynsky,J"]
[Result "1/2-1/2"]
[WhiteElo "2327"]
[BlackElo "2349"]

1.e4 d5 2.exd5 Qxd5 3.Nc3 Qd6 4.Nf3 Nf6 5.d4 a6 6.g3 b5 7.Bg2 Bb7 8.O-O e6
9.Bf4 Qb6 10.a4 b4 11.a5 Qa7 12.Bxc7 Nbd7 13.Ne2 Be7 14.Bf4 Rc8 15.Be3 Qa8
16.Nf4 O-O 17.Nd2 Bxg2 18.Nxg2 Nd5 19.Nb3 Rc4 20.Qd3 Rc6 21.Rfc1 Rfc8 22.Bd2 Qb7
23.Rab1 N7f6 24.Bg5 Qc7 25.Bxf6 Bxf6 26.Ne3 Nxe3 27.Qxe3 h6 28.c4 bxc3 29.Rxc3 Rxc3
30.bxc3 e5 31.d5 Qc4 32.d6 Rb8 33.Nd2 Rxb1+ 34.Nxb1 Qd5 35.Qb6 Qd1+ 36.Kg2 e4
37.Qxa6 Qxb1 38.Qc8+ Kh7 39.Qf5+ Kg8 40.Qc8+ Kh7 41.Qf5+ Kg8 42.a6 Qa2 43.Qc8+ Kh7
44.Qf5+  1/2-1/2

[Event "Malaysian Open"]
[Site "Kuala Lumpur MAS"]
[Date "2011.08.20"]
[Round "4.30"]
[White "Milligan,H"]
[Black "Salcedo,Ri"]
[Result "1/2-1/2"]
[WhiteElo "1965"]
[BlackElo "2222"]

1.e4 d5 2.exd5 Qxd5 3.Nc3 Qd6 4.d4 Nf6 5.Nf3 c6 6.Ne5 Nbd7 7.Nc4 Qc7 8.Qf3 Nb6
9.Bf4 Qd8 10.Nxb6 Qxb6 11.Qe3 Qxb2 12.Rb1 Qxc2 13.Bc4 e6 14.O-O Be7 15.Rfe1 b5
16.Rec1 Qf5 17.Bd3 Qh5 18.Be2 Qg6 19.Bd3 Qg4 20.Be2 Qf5 21.Bd3 Qh5 22.Be2  1/2-1/2

[Event "20th Kaerntner Chess Summer"]
[Site "Feffernitz AUT"]
[Date "2011.08.21"]
[Round "2"]
[White "Kofler,W"]
[Black "Boricsev,O"]
[Result "0-1"]
[WhiteElo "1972"]
[BlackElo "2398"]

1.e4 d5 2.exd5 Qxd5 3.Nc3 Qd6 4.Nf3 Nf6 5.Be2 Bf5 6.d3 c6 7.O-O e6 8.Nh4 Bg6
9.g3 Be7 10.Be3 Nd5 11.Nf3 Nxe3 12.fxe3 Nd7 13.d4 h5 14.e4 e5 15.d5 Nf6 16.Ng5 Nxd5
17.Nxf7 Qc5+  0-1

[Event "XLV Mislata GM"]
[Site "Mislata ESP"]
[Date "2011.08.21"]
[Round "9"]
[White "Castella Garcia,F"]
[Black "Morejon,E"]
[Result "1-0"]
[WhiteElo "2326"]
[BlackElo "2037"]

1.e4 d5 2.exd5 Qxd5 3.Nc3 Qd6 4.d4 Nf6 5.Nf3 c6 6.Ne5 g6 7.Bf4 Nh5 8.Be3 Nd7
9.Be2 Nxe5 10.dxe5 Qxd1+ 11.Rxd1 Ng7 12.f4 h5 13.O-O Bg4 14.Kf2 Nf5 15.Nb5 Rc8
16.Nxa7 Nxe3 17.Kxe3 Bxe2 18.Nxc8 Bxf1 19.Rxf1 Kd7 20.Nb6+ Kc7 21.Na4 e6
22.Rd1 Be7 23.Nc3 Ra8 24.a3 Ra6 25.Ne4 Rb6 26.b4 Ra6 27.Rd3 b5 28.Kd4 Ra8
29.c4 Rd8+ 30.Kc3 Ra8 31.Kb3 Ra4 32.cxb5 cxb5 33.Nc3  1-0

[Event "PK NBSB Open A"]
[Site "Roosendaal NED"]
[Date "2011.08.21"]
[Round "5"]
[White "Sprenger,J"]
[Black "Tolhuizen,L"]
[Result "1-0"]
[WhiteElo "2515"]
[BlackElo "2180"]

1.e4 d5 2.exd5 Qxd5 3.Nc3 Qd8 4.d4 Nf6 5.Bg5 c6 6.Qd2 Bf5 7.Nge2 e6 8.Ng3 Bg6
9.h4 h6 10.h5 Bh7 11.Bh4 Nbd7 12.Bd3 Bxd3 13.Qxd3 Qa5 14.Bxf6 Nxf6 15.O-O-O O-O-O
16.Kb1 Be7 17.Nce4 Rd7 18.Nd2 Rhd8 19.Nb3 Qc7 20.c3 c5 21.Qe2 cxd4 22.Rxd4 Rxd4
23.Nxd4 Kb8 24.Nf1 Bc5 25.Nb3 Qb6 26.f3 Bd6 27.Ne3 Bf4 28.Nc2 Rd5 29.g4 Qd8
30.Ncd4 Bc7 31.Kc2 Bb6 32.Rd1 Bxd4 33.Nxd4 Ka8 34.Rd2 Qd7 35.b3 a6 36.Qd1 Qc7
37.Kb2 Qf4 38.Rd3 Qh2+ 39.Kb1 Rd7 40.c4 Qf2 41.Nc2 Rxd3 42.Qxd3 Qb6 43.Kb2 Qc7
44.Qe3 Nd7 45.a3 Qd6 46.Qd4 Qxd4+ 47.Nxd4 Ne5 48.Kc3 Kb8 49.c5 Kc7 50.b4 b6
51.cxb6+ Kxb6 52.a4 Nd7 53.a5+ Kc7 54.Kd3 Nf6 55.b5 axb5 56.Nxb5+ Kc6 57.Kc4 Nd7
58.Nd4+ Kb7 59.Kb5 Ne5 60.Kc5 f5 61.gxf5 exf5 62.Kd6 Nc4+ 63.Ke6 Ne3 64.Kf7  1-0

[Event "20th Kaerntner Chess Summer"]
[Site "Feffernitz AUT"]
[Date "2011.08.22"]
[Round "3"]
[White "Lakovic,Igor"]
[Black "Zoehrer,Sarah"]
[Result "1/2-1/2"]
[WhiteElo "1998"]
[BlackElo "1728"]

1.e4 d5 2.exd5 Qxd5 3.Nc3 Qd6 4.d4 Nf6 5.Nf3 a6 6.g3 b5 7.Bg2 Bb7 8.O-O e6
9.a3 Nbd7 10.Re1 Be7 11.Qe2 O-O 12.Bf4 Qb6 13.Rad1 Rfe8 14.h3 c5 15.dxc5 Bxc5
16.Ne5 Nxe5 17.Bxe5 Bxg2 18.Kxg2 Qc6+ 19.Kh2 Nd5 20.Qg4 f6 21.Nxd5 exd5 22.Bd4 Bxd4
23.Qxd4 Qxc2 24.Qxd5+  1/2-1/2

[Event "XVI Seahorse Open A"]
[Site "Rewal POL"]
[Date "2011.08.22"]
[Round "3"]
[White "Zakrzewski,Mare"]
[Black "Boruta,D"]
[Result "1-0"]
[WhiteElo "2097"]
[BlackElo "1874"]

1.e4 d5 2.exd5 Qxd5 3.Nc3 Qd6 4.g3 Nf6 5.Bg2 c6 6.Nge2 Bg4 7.d4 e6 8.Bf4 Qd8
9.h3 Bh5 10.O-O Bd6 11.Qd2 Qc7 12.Nb5 cxb5 13.Bxd6 Qd7 14.Nc3 a6 15.Bc5 Nc6
16.Qg5 Rg8 17.d5 Nd8 18.Rfe1 Qc7 19.dxe6 Nxe6 20.Nd5 O-O-O 21.Rxe6 Rxd5 22.Bxd5 h6
23.Qf5 Qd7 24.Bxb7+  1-0

[Event "XVI Seahorse Open A"]
[Site "Rewal POL"]
[Date "2011.08.22"]
[Round "3"]
[White "Puczylowski,M"]
[Black "Szmyd,A"]
[Result "0-1"]
[WhiteElo "2011"]
[BlackElo "2155"]

1.e4 d5 2.exd5 Qxd5 3.Nc3 Qd6 4.g3 Nf6 5.Bg2 c6 6.d4 Bg4 7.Nge2 e6 8.Bf4 Qd8
9.h3 Bh5 10.Qd2 Bb4 11.a3 Ba5 12.O-O Nbd7 13.b4 Bc7 14.b5 Ba5 15.g4 Bg6 16.bxc6 bxc6
17.Bxc6 Rc8 18.d5 O-O 19.Qd4 Bb6 20.Qc4 exd5 21.Nxd5 Nxd5 22.Qxd5 Nf6 23.Qxd8 Rfxd8
24.Ba4 Bxc2 25.Bxc2 Rxc2 26.Ng3 Nd5 27.Bc1 g6 28.Bh6 f6 29.Bc1 Kf7 30.Rb1 Nc3
31.Rb3 Rd3 32.Kg2 Rxg3+ 33.Kxg3 Ne2+ 34.Kg2 Nxc1 35.Rf3 Ne2 36.Rd1 g5 37.Kf1 Nf4
38.h4 h6 39.hxg5 hxg5 40.Rb1 f5 41.gxf5 Kf6 42.Ke1 Kxf5 43.Rb5+ Ke4 44.Rfb3 Bxf2+
45.Kd1 Rc5 46.R5b4+ Kf5 47.Rf3 Rd5+ 48.Kc2 Bc5 49.Rb5 g4 50.Rc3 Bd4 51.Rxd5+ Nxd5
52.Rb3 Ke4 53.Kd2 Be3+ 54.Ke1 g3 55.Kf1 Nf4  0-1

[Event "Trade Fair Open A"]
[Site "Brno CZE"]
[Date "2011.08.23"]
[Round "4"]
[White "Petruska,M"]
[Black "Turza,P"]
[Result "1-0"]
[WhiteElo "1974"]
[BlackElo "1798"]

1.e4 d5 2.exd5 Qxd5 3.Nc3 Qd6 4.d4 Nf6 5.Nb5 Qd7 6.Nf3 c6 7.Ne5 Qd8 8.Bc4 e6
9.Nc3 Bd6 10.O-O O-O 11.Bg5 Bxe5 12.dxe5 Qxd1 13.Raxd1 Nd5 14.Ne4 h6 15.Bh4 b6
16.Bb3 Nd7 17.c4 Nf4 18.Be7 Re8 19.Bd6 Ba6 20.g3 Ng6 21.f4 f6 22.exf6 Nxf6
23.Nxf6+ gxf6 24.f5 exf5 25.c5+ Kg7 26.Rxf5 Re2 27.cxb6 axb6 28.Bc7 Rae8
29.Bxb6 Re1+ 30.Rxe1 Rxe1+ 31.Kg2 Bc8 32.Rf2 Ne5 33.Ba5 Re3 34.Bd2 Rd3 35.Bc2 Rd8
36.Bc3 Ng4 37.Re2 Ba6 38.Re7+ Kf8 39.Re6 Kf7 40.Bb3 Kg6 41.h3 Bc8 42.Re7 Ne5
43.Bc2+ Bf5 44.Bxf5+ Kxf5 45.g4+ Kf4 46.Re6 Rf8 47.a4 c5 48.a5 Ke4 49.Bxe5 fxe5
50.Rxh6 Ra8 51.a6 Ke3 52.Kg3 e4 53.Rd6 Ra7 54.h4 Rf7 55.g5 Rf1 56.a7 Ra1
57.Rd7 Ke2 58.Kg2 e3 59.g6  1-0

[Event "Malaysian Open"]
[Site "Kuala Lumpur MAS"]
[Date "2011.08.23"]
[Round "7.6"]
[White "Wan Yunguo"]
[Black "Sanchez,Joseph"]
[Result "1/2-1/2"]
[WhiteElo "2462"]
[BlackElo "2534"]

1.e4 d5 2.exd5 Qxd5 3.Nc3 Qd6 4.d4 Nf6 5.Nf3 a6 6.Bd3 Bg4 7.h3 Bh5 8.O-O Nbd7
9.Ne4 Nxe4 10.Bxe4 c6 11.Qd3 e6 12.Re1 Be7 13.Qb3 Qc7 14.Nd2 O-O 15.a4 Bg6
16.Bf3 Bf6 17.c3 e5 18.Ne4 exd4 19.Nxf6+ Nxf6 20.cxd4 Rad8 21.Qb4 Nd5 22.Bxd5 Rxd5
23.Bd2 a5 24.Qc4 Qd7 25.Qe2 h6 26.Qe7 Rxd4 27.Bc3 Rd5 28.Qxd7 Rxd7 29.Bxa5 Bf5
30.Bc3 Rfd8 31.a5 Be6 32.Kh2 c5 33.Re3 Rd3 34.Rae1 Rxe3 35.Rxe3 Kf8 36.f4 Bd5
37.g4 Bc6 38.g5 hxg5 39.fxg5 Re8 40.Be5 Re6 41.Kg3 f6 42.gxf6 gxf6 43.Bf4 Rxe3+
44.Bxe3 c4 45.h4 Kf7 46.h5 Be4 47.Kf4 Bd3 48.Bd2 Be2 49.h6 Kg6 50.Ke4 Bf1
51.Kd4 Be2 52.Kd5 Bf1 53.Ke6 Bh3+ 54.Ke7 Bg2  1/2-1/2

[Event "23rd Porto San Giorgio Open"]
[Site "Porto San Giorgio ITA"]
[Date "2011.08.25"]
[Round "6"]
[White "Martinez,Rol"]
[Black "Stips,F"]
[Result "1-0"]
[WhiteElo "2419"]
[BlackElo "2213"]

1.e4 d5 2.exd5 Qxd5 3.Nc3 Qd6 4.d4 Nf6 5.Nf3 c6 6.Ne5 Nbd7 7.Nc4 Qc7 8.Qf3 Nb6
9.Bf4 Qd7 10.Be5 Qg4 11.Qe3 Nxc4 12.Bxc4 Qxg2 13.O-O-O Ng4 14.Qf4 f6 15.Rhg1 Qxf2
16.Rxg4 Qxf4+ 17.Rxf4 e6 18.Bxf6 gxf6 19.Rxf6 Bg7 20.Rf2 Bd7 21.Ne4 Bh6+
22.Kb1 b6 23.Nf6+ Ke7 24.Nxd7 Kxd7 25.Rf7+ Kd6 26.Rf6 Bg5 27.Rxe6+ Kc7 28.Rg1 h6
29.h4 Bxh4 30.Rg7+ Kd8 31.Rxc6 Be7 32.Re6 Bf8 33.Rf7  1-0

[Event "XVI Seahorse Open A"]
[Site "Rewal POL"]
[Date "2011.08.25"]
[Round "6"]
[White "Mlodzinska,I"]
[Black "Boruta,D"]
[Result "1-0"]
[WhiteElo "1926"]
[BlackElo "1874"]

1.e4 d5 2.exd5 Qxd5 3.Nc3 Qd6 4.d4 Nf6 5.Bc4 a6 6.Bb3 Nbd7 7.Nf3 b5 8.O-O Bb7
9.Ng5 e6 10.Re1 Nd5 11.Nxf7 Kxf7 12.Ne4 Qc6 13.Ng5+ Ke7 14.Bxd5 Qxd5 15.Rxe6+ Qxe6
16.Nxe6 Kxe6 17.Qg4+ Ke7 18.Bg5+ Nf6 19.Re1+ Kd8 20.Qe6 Bd6 21.Qf7 Rf8 22.Qxg7 Bd5
23.Bxf6+ Kc8 24.g3 Kb7 25.Be5 Rf7 26.Qh6 Bf8 27.Qc1 Bf3 28.c4 Bb4 29.Re3 c6
30.a3 Bf8 31.Qc3 Bg4 32.f4 h5 33.cxb5 axb5 34.Kg2 Be6 35.h3 Bd5+ 36.Kh2 Ra4
37.Qc2 Rd7 38.Qf5 Rf7 39.Qxh5 b4 40.Qd1 Ra5 41.a4 c5 42.dxc5 Rxc5 43.Rd3 Rd7
44.g4 Be7 45.Bd4 Rc4 46.Be3 Kc6 47.g5 Bf8 48.b3 Re4 49.Rxd5  1-0

[Event "23rd Schlosspark-Open"]
[Site "Wiesbaden GER"]
[Date "2011.08.25"]
[Round "1.10"]
[White "Hipler,A"]
[Black "Stockmann,M"]
[Result "1/2-1/2"]
[WhiteElo "1914"]
[BlackElo "2269"]

1.e4 d5 2.exd5 Qxd5 3.Nc3 Qd6 4.d4 c6 5.Bc4 Nf6 6.Nf3 Bg4 7.Be3 Nbd7 8.h3 Bh5
9.Qe2 Nb6 10.g4 Bg6 11.O-O-O Qb4 12.Ne5 e6 13.Bb3 Nfd7 14.a3 Qa5 15.Bd2 Nc8
16.Nxd7 Kxd7 17.Rhe1 Bd6 18.Ne4 Qc7 19.Nxd6 Qxd6 20.Qe5 Qxe5 21.dxe5 Kc7
22.Bb4 a5 23.Bc5 b6 24.Be3 a4 25.Bc4 h5 26.g5 Ne7 27.f4 Bf5 28.Bf1 Nd5 29.c4 Nxe3
30.Rxe3 Rad8 31.Bd3 Bxd3 32.Rexd3 Rxd3 33.Rxd3 Ra8 34.Kc2 g6  1/2-1/2

[Event "23rd Schlosspark-Open"]
[Site "Wiesbaden GER"]
[Date "2011.08.26"]
[Round "2.26"]
[White "Marzahn,H"]
[Black "Kaspereit,H"]
[Result "1-0"]
[WhiteElo "1984"]
[BlackElo "2124"]

1.e4 d5 2.exd5 Qxd5 3.Nc3 Qd6 4.d4 Nf6 5.g3 a6 6.Bg2 Bg4 7.Nf3 Nc6 8.O-O e6
9.h3 Bh5 10.Bf4 Qd8 11.g4 Bg6 12.Ne5 Nxd4 13.Bxb7 Bxc2 14.Qc1 Be4 15.Bxe4 Nxe4
16.Re1 Nd6 17.Ne2 Nxe2+ 18.Rxe2 Be7 19.Qc6+ Kf8 20.Rae1 Rb8 21.Nd7+ Kg8 22.Nxb8 Qxb8
23.Qxa6 h5 24.g5 Qb4 25.Qa8+ Kh7 26.Qf3 Nf5 27.Re4 Qxb2 28.Rxe6 fxe6 29.Qxh5+ Kg8
30.Qe8+  1-0

[Event "23rd Schlosspark-Open"]
[Site "Wiesbaden GER"]
[Date "2011.08.26"]
[Round "3.14"]
[White "Will,Dom"]
[Black "Stockmann,M"]
[Result "0-1"]
[WhiteElo "2040"]
[BlackElo "2269"]

1.e4 d5 2.exd5 Qxd5 3.Nc3 Qd6 4.d4 c6 5.Bc4 Nf6 6.Nge2 Bf5 7.Bf4 Qb4 8.Bb3 e6
9.O-O Nbd7 10.Qd2 Be7 11.Rfe1 O-O 12.a3 Qb6 13.Ng3 Bg6 14.Rad1 Rfe8 15.Na4 Qd8
16.c4 b5 17.cxb5 cxb5 18.Nc3 Qb6 19.Nce4 Rad8 20.Ng5 Bd6 21.h4 h6 22.N5e4 Be7
23.Qe2 Nd5 24.Bxd5 exd5 25.Nc3 Bxh4 26.Qxe8+ Rxe8 27.Rxe8+ Kh7 28.Nxd5 Qc6
29.Nb4 Qc4 30.Rc1 Qxd4 31.Rcc8 Bf5 32.Nxf5 Qxf2+ 33.Kh1 Qf1+ 34.Kh2 Qxf4+
35.g3 Qf2+ 36.Kh1 Qxf5 37.gxh4 Qf1+ 38.Kh2 Qf2+ 39.Kh1 Nf6  0-1

[Event "23rd Porto San Giorgio Open"]
[Site "Porto San Giorgio ITA"]
[Date "2011.08.27"]
[Round "8"]
[White "Dvirnyy,D"]
[Black "Stips,F"]
[Result "1-0"]
[WhiteElo "2436"]
[BlackElo "2213"]

1.e4 d5 2.exd5 Qxd5 3.Nc3 Qd6 4.d4 Nf6 5.Nf3 c6 6.Ne5 Nbd7 7.Nc4 Qc7 8.g3 Nb6
9.Ne5 g6 10.h4 Bg7 11.Bf4 Qd8 12.Qd2 Be6 13.Bg2 h5 14.O-O Nc4 15.Nxc4 Bxc4
16.Rfe1 O-O 17.b3 Be6 18.Na4 Bd5 19.Bh3 Bf3 20.Be5 Re8 21.Nc5 Qb6 22.c4 Bg4
23.Bg2 Nd7 24.Bxg7 Kxg7 25.Qc3 Rad8 26.d5+ Kg8 27.Nxb7 Qxb7 28.dxc6 Qc7 29.cxd7 Rxd7
30.Re3 Qc5 31.b4  1-0